Inspector Rajabu investigates and other stories. (Record no. 14097)

MARC details
000 -LEADER
fixed length control field 00562nam a22001932 4500
001 - CONTROL NUMBER
control field 0000005529
005 - DATE AND TIME OF LATEST TRANSACTION
control field 20151217160105.0
008 - FIXED-LENGTH DATA ELEMENTS--GENERAL INFORMATION
fixed length control field 070615s xx 000 0 eng d
040 ## - CATALOGING SOURCE
Original cataloging agency KABU
Transcribing agency KABU
050 #0 - LIBRARY OF CONGRESS CALL NUMBER
Classification number PZ7
Item number .K3I57
100 1# - MAIN ENTRY--PERSONAL NAME
Personal name Kawegere, Fortunatus.
-- 0000156802
245 10 - TITLE STATEMENT
Title Inspector Rajabu investigates and other stories.
260 ## - PUBLICATION, DISTRIBUTION, ETC. (IMPRINT)
Place of publication, distribution, etc. Nairobi :
Name of publisher, distributor, etc. Phoenix,
Date of publication, distribution, etc. 1988.
300 ## - PHYSICAL DESCRIPTION
Extent 29 p.
908 ## - PUT COMMAND PARAMETER (RLIN)
Put command parameter 070615
950 ## - LOCAL HOLDINGS (RLIN)
-- 1
Holdings
Withdrawn status Lost status Source of classification or shelving scheme Not for loan Home library Current library Date acquired Total Checkouts Total Renewals Full call number Barcode Date last seen Date last checked out Price effective from Koha item type
    Library of Congress Classification   Kabarak, Main Campus Kabarak, Main Campus 17/12/2015 4 2 PZ7 .K3I57 002085 28/05/2018 25/05/2018 17/12/2015 Children Collection
    Library of Congress Classification   Kabarak, Main Campus Kabarak, Main Campus 17/12/2015 2   PZ7 .K3I57 001962 12/10/2018 12/10/2018 17/12/2015 Children Collection
Designed with assistance from East African Informatics Ltd